El extranjero
Guardat en:
| Autor principal: | |
|---|---|
| Format: | Llibre |
| Idioma: | espanyol |
| Publicat: |
Madrid
Alianza
1983
|
| Edició: | 14a. ed |
| Col·lecció: | El Libro de Bolsillo Literatura, 312
|
| Matèries: | |
| Etiquetes: |
Afegir etiqueta
Sense etiquetes, Sigues el primer a etiquetar aquest registre!
|
MARC
| LEADER | 00000cam a2200000 a 4500 | ||
|---|---|---|---|
| 001 | UCD0944 | ||
| 003 | CL-VaPUC | ||
| 008 | 151231e19830000sp |||||||||||||||||spa|d | ||
| 020 | |a 8420613126 | ||
| 082 | 0 | 4 | |a 843 |b CAM |2 21 |
| 100 | 0 | |a Camus, Albert |e author |9 315220 | |
| 245 | 1 | 3 | |a El extranjero |
| 250 | |a 14a. ed | ||
| 300 | |a 143 p | ||
| 942 | |c BK | ||
| 945 | |d 20151231 00:34:00 |a dcastane | ||
| 260 | |a Madrid |b Alianza |c 1983 | ||
| 650 | 0 | |a Novela francesa |9 264985 | |
| 650 | 0 | |a Literatura francesa |9 266330 | |
| 583 | |a last modification |c 20151231 00:34:00 |k Rodrigo Vera | ||
| 490 | 0 | |a El Libro de Bolsillo Literatura, 312 | |
| 999 | |c 362377 |d 362375 | ||